LEADER 00840nam0-22003131i-450- 001 990000051860403321 035 $a000005186 035 $aFED01000005186 035 $a(Aleph)000005186FED01 035 $a000005186 100 $a20011111d--------km-y0itay50------ba 101 0 $aita 105 $ay-------001yy 200 1 $aElements of statistics$fElmer B. Mode. 205 $a2.ed. 210 $aNew York$cPrentice-Hall$d1951 215 $aXVI, 377 p.$cill.$d23 cm 225 1 $aPrentice-Hall mathematics series 610 0 $aStatistica$aMetodi 676 $a001.422 700 1$aMode,$bElmer B.$03623 801 0$aIT$bUNINA$gRICA$2UNIMARC 901 $aBK 912 $a990000051860403321 952 $a13 F 23 10$b20047$fFINBC 959 $aFINBC 996 $aElements of statistics$9112110 997 $aUNINA DB $aING01 LEADER 01136nam0 22002891i 450 001 UON00081150 005 20231205102429.204 100 $a20020107d1978 |0itac50 ba 101 $aita 102 $aIT 105 $a|||| ||||| 200 1 $aAngola (Repubblica Popolare di Angola)$fG. Cumani, L. Gasbarri 210 $aRoma$cIstituto Italo-Africano$d1978 215 $a104 p.$c[2] c. geogr.$d24 cm 410 1$1001UON00067593$12001 $aQuaderni d'informazione$fIstituto Italo-Africano 606 $aAngola$xStoria$3UONC021532$2FI 620 $aIT$dRoma$3UONL000004 676 $a967.3$cSTORIA DELL'ANGOLA$v21 700 1$aCUMANI$bGiovanni$3UONV053421$0661690 701 1$aGASBARRI$bLuigi$3UONV053422$0661691 712 $aIstituto Italo-Africano$3UONV256944$4650 801 $aIT$bSOL$c20250530$gRICA 899 $aSIBA - SISTEMA BIBLIOTECARIO DI ATENEO$2UONSI 912 $aUON00081150 950 $aSIBA - SISTEMA BIBLIOTECARIO DI ATENEO$dSI ST 261 $eSI AA 4609 5 261 996 $aAngola (Repubblica Popolare di Angola$91300986 997 $aUNIOR